LEADER 05045nam 22004693 450 001 9911069567403321 005 20241112080300.0 010 $a1-80441-915-X 035 $a(MiAaPQ)EBC31759776 035 $a(Au-PeEL)EBL31759776 035 $a(CKB)36527733200041 035 $a(Exl-AI)31759776 035 $a(OCoLC)1492934600 035 $a(EXLCZ)9936527733200041 100 $a20241112d2024 uy 0 101 0 $aeng 135 $aurcnu|||||||| 181 $ctxt$2rdacontent 182 $cc$2rdamedia 183 $acr$2rdacarrier 200 10$aCorporate Internal Fraud Investigations $eEmpirical Reviews of Examination Maturity 205 $a1st ed. 210 1$aBradford :$cEthics International Press Limited,$d2024. 210 4$dİ2024. 215 $a1 online resource (280 pages) 311 08$a1-80441-914-1 327 $aIntro -- Introduction -- References -- Benefits Fraud by Politicians in Parliament -- Internal Investigation Outcome -- Assessment of Offender Convenience -- Social Economic Conflict in Society -- Assessment of Examination Maturity -- References -- Management Fraud in the Ski Federation -- Internal Investigation Outcome -- Assessment of Offender Convenience -- Assessment of Examination Maturity -- Assessment of Terminators' Convenience -- References -- Stock Manipulation and Accounting Fraud -- American Dreamer Nathan Anderson -- Anderson Allegations against Adani -- Assessment of Offender Convenience -- Continued Dispute Hindenburg-Adani -- Assessment of Examination Maturity -- References -- Municipal Fraud of Government Subsidies -- Allegations in Norwegian Media -- Internal Investigation Outcome -- Assessment of Offender Convenience -- Assessment of Examination Maturity -- References -- Funding Abuse by State Research Council -- Internal Investigation Outcome -- Assessment of Offender Convenience -- Assessment of Examination Maturity -- References -- Fraud and Harassment in the Military -- Internal Investigation Outcome -- Assessment of Offender Convenience -- Assessment of Examination Maturity -- References -- Blame Game in Economic Arson Crime -- Bath House Insurance Fraud -- Assessment of Offender Convenience -- Proceedings in the District Court -- Proceedings in the Court of Appeal -- The Three Suspected Arsonists -- Proceedings in the Supreme Court -- Blame Game Dynamics -- Allegation of Corruption -- Readmission Commission Secrecy -- Assessment of Investigation Maturity -- References -- Profits in Social Housing Construction -- Criminal Conformance Deviance -- Obos Deviance Member Revolt -- Social License Recovery Measures -- Student Interviews with Stakeholders -- Internal Investigation Outcome -- Assessment of Offender Convenience. 327 $aAssessment of Examination Maturity -- References -- State Funding Abuse by Change Factory -- Internal Investigation Outcome -- Assessment of Offender Convenience -- Assessment of Examination Maturity -- References -- Avoidance of Abdication from Leadership -- Approaches to Avoidance of Abdication -- Avoidance of Institutional Deterioration -- Regulation of Internal Fraud Investigations -- Change Management Initiatives -- References -- Facing Harassment Accusations -- Top Academic Coming to Norway -- Kluge Report Accusation Findings -- Kluge Report Maturity Assessment -- Maturity Assessment Outcome -- Absence of Justice in Private Investigations -- References -- Conclusion -- References. 330 $aThe industry of corporate investigation has grown in recent years where companies hire fraud examiners to investigate suspicions of misconduct and crime. While case studies have been published in the past, this book has a number of new case studies that combine both offender convenience, and investigation maturity. Information retrieved from publicly available internal investigation reports - in some cases, supplemented other sources such as media coverage - is allocated to the analysis of convenience in an attempt to assess motive, opportunity, and willingness. These three dimensions of convenience - motive based on possibilities or threats; opportunity to commit and conceal wrongdoing; and willingness to commit deviant behavior - are corners in the convenience triangle. The book will appeal to business and management scholars, for courses on business ethics and financial crime. In schools of criminology, the book is especially relevant in courses on white-collar and corporate crime. In addition, managers in public and private organizations; those in corporate governance; and practicing fraud investigations will benefit from this book. 606 $aFraud investigation$7Generated by AI 606 $aForensic accounting$7Generated by AI 615 0$aFraud investigation 615 0$aForensic accounting 676 $a364.163 700 $aGottschalk$b Petter$0522727 801 0$bMiAaPQ 801 1$bMiAaPQ 801 2$bMiAaPQ 906 $aBOOK 912 $a9911069567403321 996 $aCorporate Internal Fraud Investigations$94552318 997 $aUNINA